Specific Phrasemes with Ethnonyms and Their Study by Corpus Analysis
Frázy obsahujúce etnonym vo francúzskom jazyku, ako aj cieľového jazyka - v slovenčine.
Salvato in:
| Autore principale: | |
|---|---|
| Natura: | Capitolo di libro |
| Lingua: | inglese |
| Soggetti: | |
| Tags: |
Nessun Tag, puoi essere il primo ad aggiungerne!!
|
MARC
| LEADER | 00000naa a2200000 4500 | ||
|---|---|---|---|
| 001 | 0240643 | ||
| 005 | 20240502083645.5 | ||
| 041 | 0 | |a eng | |
| 044 | |a LT | ||
| 245 | 1 | 0 | |a Specific Phrasemes with Ethnonyms and Their Study by Corpus Analysis |c Iveta Dinžíková |
| 520 | |a Frázy obsahujúce etnonym vo francúzskom jazyku, ako aj cieľového jazyka - v slovenčine. | ||
| 610 | 2 | 0 | |a preklady |
| 610 | 2 | 0 | |a jazyky cudzie |
| 610 | 2 | 0 | |a francúzština |
| 610 | 2 | 0 | |a slovenčina |
| 100 | 1 | |a Dinžíková, Iveta | |